000 00477nam a2200145Ia 4500
008 151213s9999 xx 000 0 und d
100 _aAdrian Daff & Christopher Jones
245 _aLanguage in U S A - Intermediate - Self Study With Answer Key
_cAdrian Daff & Christopher Jones
260 _aNew York
_bCambridge University
_c1994
300 _a1838 p.
650 _aEnglish Language
650 _aEnglish Language
700 _aAdrian Daff & Christopher Jones
999 _c1348
_d1348